| 000 | 01143cam a22003493a 4500 | ||
|---|---|---|---|
| 001 | 21108 | ||
| 003 | PGUSA | ||
| 005 | 20140828083441.0 | ||
| 008 | 070416s2007||||xxu|||||s|||||000 1 eng d | ||
| 040 |
_aPGUSA _beng |
||
| 042 | _adc | ||
| 050 | 4 | _aPZ | |
| 100 | 1 |
_aHutcheson, John C. _q(John Conroy) |
|
| 245 | 1 | 0 |
_aFritz and Eric : _bThe Brother Crusoes _h[electronic resource] / _cJohn C. Hutcheson |
| 260 |
_bProject Gutenberg, _c2007 |
||
| 506 | _aPublic domain in the USA. | ||
| 516 | _aElectronic text | ||
| 653 | _aNatural history -- Juvenile fiction | ||
| 653 | _aGold -- Juvenile fiction | ||
| 653 | _aBrothers -- Juvenile fiction | ||
| 653 | _aConduct of life -- Juvenile fiction | ||
| 653 | _aAnimals -- Juvenile fiction | ||
| 653 | _aSailing -- Juvenile fiction | ||
| 653 | _aHunting -- Juvenile fiction | ||
| 653 | _aAdventure and adventurers -- Juvenile fiction | ||
| 653 | _aSick -- Juvenile fiction | ||
| 653 | _aVoyages and travels -- Juvenile fiction | ||
| 653 | _aFamilies -- Juvenile fiction | ||
| 830 | 0 |
_aProject Gutenberg _v21108 |
|
| 856 | 4 | 0 | _uhttp://www.gutenberg.org/ebooks/21108 |
| 942 | _cEB | ||
| 999 |
_c250363 _d250363 |
||